000 00668nam a2200265Ia 4500
003 OSt
005 20221006144132.0
006 a|||||r|||| 00| 0
007 ta
008 221006b |||||||| |||| 00| 0 eng d
020 _c
_4.95
024 _a10,964
037 _cTextual
040 _aEASL
_cEASL
_beng
041 _2eng
_aeng
082 _aQ8498, L71
100 _aGUENTHER Herbert V
245 0 _aTibetan Buddhism in Western perspective
260 _aCalifornia
_bDharma Pub
_c1977
300 _a262p.
_ccm.
490 _v Gen
650 _aGen
942 _hQ8498, L71
_cTEXL
_2CC
999 _c1079050
_d1079050